| 000 | 00916nam a2200265Ia 4500 | ||
|---|---|---|---|
| 003 | OSt | ||
| 005 | 20221005110705.0 | ||
| 006 | a|||||r|||| 00| 0 | ||
| 007 | ta | ||
| 008 | 221004b |||||||| |||| 00| 0 hin d | ||
| 020 |
_a8126708905 (hbk) _c250 |
||
| 024 | _a23244 | ||
| 037 |
_b216, 16/11/2015, Eastern Book Linkers _cTextual |
||
| 040 |
_aCRL _cCRL _bhin |
||
| 041 |
_2hin _ahin |
||
| 082 | _aO152,6N468x, P4 | ||
| 100 | _aजोशी, राजेश | ||
| 245 | 0 | _aएक कवि की नोटबुक | |
| 246 | _aEk kavi kī noṭabuka | ||
| 260 |
_aनई दिल्ली _bराजकमल प्रकाशन भारत _c2004 |
||
| 300 |
_a222पृ0 _ccm. |
||
| 650 | _aहिन्दी साहित्य | ||
| 942 |
_hO152,6N468x, P4 _cTEXL _2cc |
||
| 999 |
_c1019599 _d1019599 |
||